LEADER 01067nam--2200349---45-- 001 990000503560203316 010 $a0-201-18395-1 035 $a0050356 035 $aUSA010050356 035 $a(ALEPH)000050356USA01 035 $a0050356 100 $a20010612d2000----km-y0ITAy0103-------ba 101 0 $aENG 102 $aUS 200 1 $aStandard C++ iostreams and locales$eadvanced programmer's guide and reference$fAngelika Langer, Klaus Kreft 210 $aMassachusetts$cAddison Wesley Longman$dcopyr. 2000 215 $aXXVI, 640 p.$cill.$d20 cm 410 $12001 610 1 $aLinguaggio C++ 676 $a005.133 700 1$aLanger,$bAngelika$065491 701 1$aKreft,$bKlaus$065492 801 0$aITA$bCBS$gISBD 912 $a990000503560203316 951 $a005.133 LAN$b0026223 CBS$c005.133$d00104605 959 $aBK 969 $aSCI 979 $aALANDI$b90$c20010612$lUSA01$h0943 979 $c20020403$lUSA01$h1659 979 $aPATRY$b90$c20040406$lUSA01$h1635 996 $aStandard C++ IOStreams and locales$9378639 997 $aUNISA